Séries TV - Statistiques

Statistiques générales
  • Ce quiz a été pris 2 786 fois
    2 592 depuis la dernière actualisation
  • Le résultat moyen est 12 sur 39
Statistiques - réponses
Noms Réponse % Correct
Rachel, Monica, Chandler Friends
85%
Tyrion Lannister, Arya Stark, Daenerys Targaryen Game of Thrones
72%
Michael Scofield Prison break
69%
Lois, Hal, Francis, Reese, Dewey Malcolm
65%
Charles Ingalls La petite maison dans la prairie
64%
Walter White, Jesse Pinkman Breaking bad
59%
Gabrielle Solis Desperate housewives
59%
Clarke, Bellamy, Octavia The 100
53%
Rick Grimes, Daryl Dixon The walking dead
53%
Capitaine Kirk, Spock Star Trek
50%
Mulder, Scully X-files
48%
Horatio Caine Les experts: Miami
43%
Bruce Banner L'incroyable Hulk
42%
Jack Bauer 24 heures chrono
40%
JR Ewing Dallas
38%
Hannibal, Futé, Looping, Barracuda L'Agence tous risques
34%
Aaron « Hotch » Hotchner Esprits criminels
33%
Fonzie Happy days
26%
Michael Knight K 2000
22%
Jack O'Neil, Daniel Jackson, Teal'C Stargate SG-1
20%
David Vincent Les envahisseurs
19%
Jessica B. Fletcher Arabesque
17%
John Steed Chapeau melon et bottes de cuir
17%
Jonathan Hart, Jennifer Hart Pour l'amour du risque
16%
Mark Green, Douglas Ross Urgences
16%
Sean McNamara, Christian Troy Nip/Tuck
14%
Jonathan Higgins, Rick, Terry Magnum
13%
Danny Wilde Amicalement votre
12%
Dale Barbara (Barbie), James Rennie (Big Jim) Under the dome
12%
Sonny Crockett Deux flics à Miami
11%
Kelly Garrett, John Bosley Drôles de dames
10%
Colt Seavers L'homme qui tombe à pic
10%
Merill Stubing, Gopher, Julie McCoy La croisière s'amuse
9%
Luke Duke, Bo Duke, Rosco Shérif, fais moi peur
9%
Papy Boyington Les têtes brûlées
7%
Jaimie Sommer Super Jaimie
7%
Lucas Hood (non réel inconnu) Banshee
5%
Mr. Roarke, Tattoo L'ile fantastique
5%
Josh Randall Au nom de la loi
4%
Aucun quiz correspondant
Distribution des résultats
% des personnes avec chaque résultat
Percentile par nombre de réponses
Votre historique - résultats
Vous n’avez pas pris ce quiz depuis la dernière actualisation